000 00735nam a22002297a 4500
999 _c21405
_d21405
003 AR-CdUCM
008 190410b ||||| |||| 00| 0 spa d
040 _aMUNICIPALIDAD PROVINCIAL DEL CUSCO
_cBIBLIOTECA MUNICIPAL DEL CUSCO
082 _aEP/895.1/Z76
_bZ76
100 _aZi, Ju
_930781
245 _a¡ Vamos a conocer nidos de aves! /
260 _aBejinf :
_bEdiciones en lenguas extranjeras,
_c1982.
300 _a24 Páginas. :
_bIlustraciones en color ;
_c21 cm.
500 _aTexto educativo para niños
650 _aHistorias
_9862
650 _aCuentos
_944643
650 _aTexto educativos
_929387
650 _aBeijing
_930782
700 _aDaisheng, Wu
_930783
942 _2ddc
_cLIBROS
945 _apjha
_d2019-04-10